| 000 | 01258cam a22003133a 4500 | ||
|---|---|---|---|
| 001 | 16467 | ||
| 003 | PGUSA | ||
| 005 | 20140828083342.0 | ||
| 008 | 050807s2005||||xxu|||||s|||||000 | eng d | ||
| 040 |
_aPGUSA _beng |
||
| 042 | _adc | ||
| 050 | 4 | _aML | |
| 100 | 1 |
_aRolland, Romain, _d1866-1944 |
|
| 245 | 1 | 0 |
_aMusicians of To-Day _h[electronic resource] / _cRomain Rolland |
| 260 |
_bProject Gutenberg, _c2005 |
||
| 505 | 0 | _aBerlioz -- Wagner: Siegfried, Tristan -- Camille Saint-Saëns -- Vincent d'Indy -- Richard Strauss -- Hugo Wolf -- Don Lorenzo Perosi -- French and German music -- Claude Debussy: Pelléas et Mélisande -- The awakening: a sketch of the musical movement in Paris since 1870 -- The present condition of French music. | |
| 506 | _aPublic domain in the USA. | ||
| 516 | _aElectronic text | ||
| 653 | _aMusic -- France -- History and criticism | ||
| 653 | _aComposers -- Biography | ||
| 653 | _aMusic -- France -- Paris -- History and criticism | ||
| 653 | _aMusic -- Germany -- History and criticism | ||
| 700 | 1 | _aBlaiklock, Mary | |
| 740 | 0 | _aMusicians of Today | |
| 740 | 0 | _aMusiciens d'aujourd'hui. English | |
| 830 | 0 |
_aProject Gutenberg _v16467 |
|
| 856 | 4 | 0 | _uhttp://www.gutenberg.org/ebooks/16467 |
| 942 | _cEB | ||
| 999 |
_c245722 _d245722 |
||